Técnicas de estudio

Guardat en:
Dades bibliogràfiques
Autor principal: Torre Tomás, María Consuelo de la (Autor)
Format: Llibre
Idioma:espanyol
Publicat: Madrid Anaya 1981
Col·lecció:Temas monográficos de educación. Anaya, 2
Matèries:
Etiquetes: Afegir etiqueta
Sense etiquetes, Sigues el primer a etiquetar aquest registre!

MARC

LEADER 00000nam a2200000 a 4500
001 UCY5703
003 CL-VaPUC
008 950512e19810000SP |||||||||||||||||spa|d
082 0 4 |a 371.3  |b TOR  |2 21 
100 0 |a Torre Tomás, María Consuelo de la  |e author  |9 334814 
245 1 0 |a Técnicas de estudio 
300 |a 38 p 
942 |c BK 
945 |d 19950512 00:00:00  |a cmena 
260 |a Madrid  |b Anaya  |c 1981 
650 0 |a Métodos de estudio  |9 260518 
650 0 |a Aprendizaje   |9 254827 
650 0 |a Métodos de aprendizaje  |9 334464 
650 0 |a Procesos de aprendizaje  |9 309161 
650 0 |a Memoria  |9 266549 
650 0 |a Expresión oral  |9 334815 
650 0 |a Expresión escrita  |9 334816 
650 0 |a Lectura  |9 307634 
583 |a last modification  |c 19950512 00:00:00  |k Rodrigo Vera 
490 0 |a Temas monográficos de educación. Anaya, 2 
999 |c 233330  |d 233328 
952 |0 0  |1 0  |4 0  |6 371_300000000000000_TOR_1981  |7 0  |8 P  |9 238768  |a BIBEDU  |b BIBEDU  |c BIBEDU_PB  |d 2019-11-18  |i 1500414  |o 371.3 TOR 1981  |p 1500414  |r 2024-01-25  |w 2019-11-18  |y BK  |k EDU